000
00260nam a2200085Ia 4500
245
0
_a
The jewel in my heart : diary of an Aids orphan
100
_a
PITT, Bridget Cape Town, 2003 1st ed
_9
84684
942
_c
BK
008
210817s9999 xx 000 0 und d
999
_c
311455
_d
311454